[Event "Ct. Catalunya Veterans"]
[Site "?"]
[Date "2012.05.15"]
[Round "5"]
[White "Dominguez Rueda, J."]
[Black "Regue Farran, E."]
[Result "0-1"]
[WhiteElo "2138"]
[BlackElo "2065"]
[PlyCount "86"]
[EventDate "2012.??.??"]
[EventType "swiss"]
[EventRounds "9"]

1. e4 c5 2. Nf3 Nc6 3. Nc3 g6 4. g3 Bg7 5. Bg2 d6 6. O-O e6 7. d3 Nge7 8. Bg5
O-O 9. Qd2 a6 10. Bh6 Nd4 11. Bxg7 Kxg7 12. Nxd4 cxd4 13. Ne2 e5 14. f4 f6 15.
c3 dxc3 16. bxc3 Bd7 17. d4 Bb5 18. Rf2 Qc7 19. f5 g5 20. h4 h6 21. Bf1 Rac8
22. Rc1 d5 23. hxg5 hxg5 24. exd5 Bxe2 25. Rxe2 exd4 26. Qe1 Nxf5 27. Bh3 d3
28. Rg2 Rce8 29. Qf2 Ne3 30. Rh2 Nxd5 31. Bf5 Rh8 32. Rxh8 Rxh8 33. Bxd3 Nxc3
34. Qe3 Qc6 35. Qe7+ Kh6 36. Rf1 Nd5 37. Qe4 Qc5+ 38. Rf2 Kg7 39. Qg6+ Kf8 40.
Be4 Qc1+ 41. Rf1 Qe3+ 42. Kg2 Qe2+ 43. Rf2 Ne3+ 0-1

[Event "Ct. Catalunya Veterans"]
[Site "?"]
[Date "2012.05.15"]
[Round "5"]
[White "Garcia Riera, J."]
[Black "Duran Vallverdu, J."]
[Result "1-0"]
[WhiteElo "2057"]
[BlackElo "2010"]
[PlyCount "25"]
[EventDate "2012.??.??"]
[EventType "swiss"]
[EventRounds "9"]

1. d4 Nf6 2. c4 e6 3. Nf3 d5 4. Nc3 c6 5. e3 Nbd7 6. Bd3 dxc4 7. Bxc4 b5 8. Bd3
a6 9. e4 c5 10. d5 exd5 11. e5 b4 12. exf6 bxc3 13. Qe2+ 1-0

[Event "Ct. Catalunya Veterans"]
[Site "?"]
[Date "2012.05.15"]
[Round "5"]
[White "Garriga Nualart, J."]
[Black "Simon Padros, E."]
[Result "1/2-1/2"]
[WhiteElo "2306"]
[BlackElo "2224"]
[PlyCount "22"]
[EventDate "2012.??.??"]
[EventType "swiss"]
[EventRounds "9"]

1. c4 e6 2. Nc3 f5 3. d4 Nf6 4. Nf3 Bb4 5. Bd2 b6 6. a3 Bxc3 7. Bxc3 Bb7 8. e3
O-O 9. Be2 d6 10. b4 Nbd7 11. O-O Ne4 1/2-1/2

[Event "Ct. Catalunya Veterans"]
[Site "?"]
[Date "2012.05.15"]
[Round "5"]
[White "Marchador Villalba, J."]
[Black "Coll Enriquez, L."]
[Result "0-1"]
[WhiteElo "2068"]
[BlackElo "2157"]
[PlyCount "104"]
[EventDate "2012.??.??"]
[EventType "swiss"]
[EventRounds "9"]

1. d4 e6 2. Nf3 Nf6 3. Bg5 Be7 4. Nbd2 d5 5. e3 O-O 6. Bd3 b6 7. c3 Ba6 8. Qe2
Bxd3 9. Qxd3 c5 10. Ne5 c4 11. Qe2 Ne8 12. Bxe7 Qxe7 13. e4 f6 14. Nef3 Qd7 15.
O-O Nc6 16. Rad1 Nc7 17. Rfe1 Rfe8 18. Qe3 b5 19. Qf4 a5 20. e5 f5 21. g4 Rf8
22. Kh1 b4 23. Rg1 Nb5 24. Nb1 Ne7 25. Rdf1 Ng6 26. Qg5 Qe7 27. Qxe7 Nxe7 28.
Ng5 Ra6 29. f4 h6 30. Nh3 fxg4 31. Rxg4 Nf5 32. Rfg1 Rf7 33. Rg6 Kh7 34. Nf2
Rb6 35. Nd1 Nc7 36. Nd2 a4 37. a3 bxa3 38. bxa3 Nb5 39. Nb1 Ne7 40. R6g2 Nxd4
41. Nb2 Nf3 42. Rf1 Nh4 43. Rc2 Nef5 44. Nxa4 Rb5 45. Rb2 Rxb2 46. Nxb2 Ne3 47.
Rf2 Ng4 48. Rf1 Nxe5 49. Na4 Nd3 50. Nb6 Rb7 51. Nc8 Rb2 52. Ne7 Nxf4 0-1

[Event "Ct. Catalunya Veterans"]
[Site "?"]
[Date "2012.05.15"]
[Round "5"]
[White "Mas Recorda, P."]
[Black "Lluverol Torrents, S."]
[Result "1/2-1/2"]
[WhiteElo "2084"]
[BlackElo "2028"]
[PlyCount "66"]
[EventDate "2012.??.??"]
[EventType "swiss"]
[EventRounds "9"]

1. d4 d5 2. c4 c6 3. Nf3 Nf6 4. Nc3 e6 5. Bg5 dxc4 6. e3 b5 7. a4 Bb4 8. axb5
cxb5 9. Be2 O-O 10. O-O Bxc3 11. bxc3 Bb7 12. Qb1 Qd5 13. Bxf6 gxf6 14. Ne1 a6
15. Bf3 Qd7 16. e4 Qc7 17. Qc1 Nd7 18. Nc2 Kh8 19. Re1 Rg8 20. Qh6 Rg6 21. Qh4
Rag8 22. g3 Rg5 23. Bg2 Rg4 24. Qh3 Qd8 25. Ne3 R4g6 26. f4 Qf8 27. Qh5 Rh6 28.
Qe2 Qa8 29. Nf1 Qa7 30. Qf2 Qb6 31. Ra2 Rhg6 32. Ne3 R6g7 33. Rd1 Qa7 1/2-1/2

[Event "Ct. Catalunya Veterans"]
[Site "?"]
[Date "2012.05.15"]
[Round "5"]
[White "Montell Zabay, A."]
[Black "Boqueras Rimbau, P."]
[Result "1-0"]
[WhiteElo "2041"]
[BlackElo "1778"]
[PlyCount "61"]
[EventDate "2012.??.??"]
[EventType "swiss"]
[EventRounds "9"]

1. e4 c5 2. Nf3 d6 3. d4 cxd4 4. Nxd4 Nf6 5. Nc3 a6 6. Bc4 Qc7 7. Bb3 h6 8. O-O
e6 9. f4 e5 10. Nde2 Qb6+ 11. Kh1 Ng4 12. Qe1 Be6 13. Bxe6 fxe6 14. Qg3 Nf6 15.
Qg6+ Kd7 16. f5 exf5 17. Rxf5 Kc6 18. Rxf6 gxf6 19. Qe8+ Nd7 20. Qf7 Qf2 21.
Qc4+ Nc5 22. Bd2 Be7 23. Nd5 Rh7 24. Be3 Qh4 25. Ng3 Bd8 26. Bxc5 dxc5 27. b4
b6 28. bxc5 b5 29. Nb4+ Kc7 30. Qd5 Rd7 31. Qc6+ 1-0

[Event "Ct. Catalunya Veterans"]
[Site "?"]
[Date "2012.05.15"]
[Round "5"]
[White "Sanz Bastos, F."]
[Black "Coll Sola, J."]
[Result "1-0"]
[WhiteElo "2026"]
[BlackElo "2042"]
[PlyCount "85"]
[EventDate "2012.??.??"]
[EventType "swiss"]
[EventRounds "9"]

1. e4 c5 2. Nc3 Nc6 3. g3 g6 4. Bg2 Bg7 5. d3 e6 6. Be3 Nd4 7. Qd2 Ne7 8. Nd1
d6 9. c3 Ndc6 10. Bh6 Bxh6 11. Qxh6 Ng8 12. Qd2 h5 13. Nf3 Nge7 14. h3 e5 15.
Ne3 Be6 16. Ng5 Bd7 17. Nd5 Nxd5 18. exd5 Ne7 19. Ne4 Nc8 20. O-O-O Bf5 21. f4
Bxe4 22. dxe4 Nb6 23. fxe5 Nc4 24. Qf4 Nxe5 25. g4 Qe7 26. Bf1 O-O-O 27. Be2
hxg4 28. hxg4 Rh4 29. Kb1 Rdh8 30. Rxh4 Rxh4 31. Rf1 a6 32. c4 Kc7 33. a3 Kb8
34. Rf2 Kc7 35. Ka2 b6 36. Qg3 Qg5 37. Rf4 Qh6 38. g5 Rh3 39. gxh6 Rxg3 40. Rh4
g5 41. h7 Ng6 42. h8=Q Nxh8 43. Rxh8 1-0

[Event "Ct. Catalunya Veterans"]
[Site "?"]
[Date "2012.05.15"]
[Round "5"]
[White "Valls Mir, J."]
[Black "Anguera Maestro, J."]
[Result "0-1"]
[WhiteElo "1881"]
[BlackElo "2154"]
[PlyCount "70"]
[EventDate "2012.??.??"]
[EventType "swiss"]
[EventRounds "9"]

1. d4 Nf6 2. c4 g6 3. Nc3 Bg7 4. e4 O-O 5. Be3 d6 6. f3 Nc6 7. a3 e5 8. d5 Ne7
9. Bd3 Nh5 10. g4 Nf4 11. Bxf4 exf4 12. Nge2 f5 13. gxf5 gxf5 14. Qc2 fxe4 15.
Bxe4 Bf5 16. O-O-O Bxe4 17. Qxe4 Ng6 18. Nd4 Bxd4 19. Qxd4 Qf6 20. Qd3 Kh8 21.
Ne4 Qf5 22. Rdg1 Ne5 23. Qc3 Rg8 24. h4 h6 25. Nf2 Rg3 26. Rxg3 fxg3 27. Ne4 g2
28. Rg1 Rg8 29. Nd2 Qf4 30. Kd1 Rg7 31. Ke2 Qxh4 32. Ne4 Ng6 33. c5 Nf4+ 34.
Kd1 Qh1 35. Qe1 Qxg1 0-1

[Event "Ct. Catalunya Veterans"]
[Site "?"]
[Date "2012.05.16"]
[Round "6"]
[White "Anguera Maestro, J."]
[Black "Sanz Bastos, F."]
[Result "1/2-1/2"]
[WhiteElo "2154"]
[BlackElo "2026"]
[PlyCount "43"]
[EventDate "2012.??.??"]
[EventType "swiss"]
[EventRounds "9"]

1. d4 f5 2. g3 Nf6 3. Bg2 e6 4. c4 Be7 5. Nc3 d6 6. e4 O-O 7. Nge2 e5 8. O-O
Nc6 9. d5 Nb8 10. f4 c6 11. Kh1 fxe4 12. Nxe4 Nxe4 13. Bxe4 Bh3 14. Rf2 Qb6 15.
Qe1 Nd7 16. Ng1 Bf5 17. Bxf5 Rxf5 18. Be3 c5 19. g4 Rff8 20. g5 exf4 21. Bxf4
Ne5 22. Bxe5 1/2-1/2

[Event "Ct. Catalunya Veterans"]
[Site "?"]
[Date "2012.05.16"]
[Round "6"]
[White "Coll Enriquez, L."]
[Black "Garcia Riera, J."]
[Result "1-0"]
[WhiteElo "2157"]
[BlackElo "2057"]
[PlyCount "43"]
[EventDate "2012.??.??"]
[EventType "swiss"]
[EventRounds "9"]

1. e4 Nf6 2. e5 Nd5 3. Bc4 Nb6 4. Bb3 d6 5. exd6 exd6 6. Qf3 d5 7. d4 Be7 8.
Ne2 O-O 9. O-O Nc6 10. c3 Be6 11. Nf4 Qd7 12. Nxe6 Qxe6 13. Bf4 Bd6 14. Bc2 Ne7
15. Nd2 Ng6 16. Bg5 f6 17. Bf5 Qf7 18. Qh3 Rae8 19. Nf3 h6 20. Bd2 Re2 21. Bd3
Re7 22. Qf5 1-0

[Event "Ct. Catalunya Veterans"]
[Site "?"]
[Date "2012.05.16"]
[Round "6"]
[White "Grau Brumos, I."]
[Black "Navarro Alvarez, A."]
[Result "1/2-1/2"]
[WhiteElo "2168"]
[BlackElo "1967"]
[PlyCount "29"]
[EventDate "2012.??.??"]
[EventType "swiss"]
[EventRounds "9"]

1. e4 e5 2. Nf3 Nc6 3. Bb5 a6 4. Bxc6 dxc6 5. d4 exd4 6. Qxd4 Qxd4 7. Nxd4 Bd7
8. O-O O-O-O 9. Be3 Nf6 10. f3 b6 11. Nc3 Kb7 12. Rfe1 Bb4 13. Nde2 Rhe8 14. a3
Bxc3 15. Nxc3 1/2-1/2

[Event "Ct. Catalunya Veterans"]
[Site "?"]
[Date "2012.05.16"]
[Round "6"]
[White "Lluverol Torrents, S."]
[Black "Franquet Escriva, J."]
[Result "1/2-1/2"]
[WhiteElo "2028"]
[BlackElo "2103"]
[PlyCount "22"]
[EventDate "2012.??.??"]
[EventType "swiss"]
[EventRounds "9"]

1. d4 Nf6 2. c4 d6 3. Nc3 Nbd7 4. e4 e5 5. Nf3 Be7 6. Be2 O-O 7. O-O c6 8. Qc2
Qc7 9. Rd1 Re8 10. h3 Bf8 11. Bd2 g6 1/2-1/2

[Event "Ct. Catalunya Veterans"]
[Site "?"]
[Date "2012.05.16"]
[Round "6"]
[White "Montell Zabay, A."]
[Black "Garriga Nualart, J."]
[Result "0-1"]
[WhiteElo "2041"]
[BlackElo "2306"]
[PlyCount "48"]
[EventDate "2012.??.??"]
[EventType "swiss"]
[EventRounds "9"]

1. e4 e5 2. f4 Qh4+ 3. g3 Qe7 4. fxe5 d6 5. Nc3 dxe5 6. Nd5 Qd8 7. Nf3 Nc6 8.
Bb5 Bd7 9. d3 Bc5 10. Be3 Bxe3 11. Nxe3 Qe7 12. Nd5 Qd6 13. Nd2 O-O-O 14. Bxc6
Qxc6 15. Nc4 f6 16. Qd2 Be6 17. Na5 Qa6 18. c4 c6 19. Rc1 Kb8 20. Nb4 Qb6 21.
c5 Qb5 22. a4 Qxa4 23. O-O Qb5 24. Qc3 Rd4 0-1

[Event "Ct. Catalunya Veterans"]
[Site "?"]
[Date "2012.05.16"]
[Round "6"]
[White "Regue Farran, E."]
[Black "Bautista Sanchez, J."]
[Result "0-1"]
[WhiteElo "2065"]
[BlackElo "2181"]
[PlyCount "72"]
[EventDate "2012.??.??"]
[EventType "swiss"]
[EventRounds "9"]

1. e4 c6 2. d4 d5 3. exd5 cxd5 4. Bd3 Nc6 5. c3 Nf6 6. Bf4 Bg4 7. Qb3 Qc8 8.
Nd2 e6 9. Ngf3 Be7 10. h3 Bh5 11. O-O O-O 12. Rfe1 Bg6 13. Bxg6 hxg6 14. Rac1
Rd8 15. Ne5 Nxe5 16. Bxe5 Qd7 17. a4 Rac8 18. Nf3 Rc6 19. Qc2 Rdc8 20. Bg3 Ra6
21. Ra1 b5 22. Ne5 Qb7 23. axb5 Qxb5 24. Qd3 Rxa1 25. Qxb5 Rxe1+ 26. Kh2 Ra1
27. Qb7 Re8 28. Nc6 Bf8 29. f3 a5 30. Qb5 a4 31. Be5 a3 32. bxa3 Rxa3 33. c4
dxc4 34. Qxc4 Nd5 35. Kg3 Rc8 36. Qc1 Rc3 0-1

[Event "Ct. Catalunya Veterans"]
[Site "?"]
[Date "2012.05.16"]
[Round "6"]
[White "Simon Padros, E."]
[Black "Buxade Roca, G."]
[Result "1/2-1/2"]
[WhiteElo "2224"]
[BlackElo "2120"]
[PlyCount "42"]
[EventDate "2012.??.??"]
[EventType "swiss"]
[EventRounds "9"]

1. e4 c5 2. d3 Nc6 3. g3 g6 4. Bg2 Bg7 5. f4 d6 6. Nf3 e6 7. O-O Nge7 8. c3 Qb6
9. Na3 O-O 10. Qe2 e5 11. Be3 Bg4 12. h3 Bd7 13. Qd2 Rad8 14. Nh4 f5 15. Rf2
Bc8 16. exf5 Nxf5 17. Nxf5 Bxf5 18. Bd5+ Kh8 19. g4 Bc8 20. Raf1 Ne7 21. Bg2
Be6 1/2-1/2

[Event "Ct. Catalunya Veterans"]
[Site "?"]
[Date "2012.05.16"]
[Round "6"]
[White "Tarrus Galter, N."]
[Black "Mas Recorda, P."]
[Result "1/2-1/2"]
[WhiteElo "1983"]
[BlackElo "2084"]
[PlyCount "64"]
[EventDate "2012.??.??"]
[EventType "swiss"]
[EventRounds "9"]

1. d4 e6 2. c4 f5 3. Nc3 Nf6 4. e3 d5 5. Bd3 c6 6. Nge2 Bd6 7. f3 O-O 8. O-O b6
9. Qc2 Ba6 10. b3 Qc7 11. g3 Bb7 12. Bd2 Qe7 13. e4 fxe4 14. fxe4 dxe4 15. Nxe4
Nxe4 16. Rxf8+ Qxf8 17. Bxe4 g6 18. Rf1 Qg7 19. Bc3 e5 20. d5 cxd5 21. cxd5 Ba6
22. Rf3 Bxe2 23. Qxe2 Nd7 24. Qc4 Rf8 25. Kg2 Nc5 26. b4 Nxe4 27. Qxe4 Rxf3 28.
Qxf3 Qc7 29. a3 Qc4 30. Kh3 Kg7 31. g4 g5 32. Kg2 h6 1/2-1/2

[Event "Ct. Catalunya Veterans"]
[Site "?"]
[Date "2012.05.16"]
[Round "6"]
[White "Tejero Royo, F."]
[Black "Basas Gamazo, J."]
[Result "1/2-1/2"]
[WhiteElo "2132"]
[BlackElo "2042"]
[PlyCount "77"]
[EventDate "2012.??.??"]
[EventType "swiss"]
[EventRounds "9"]

1. d4 Nf6 2. c4 g6 3. Nc3 Bg7 4. e4 d6 5. f3 O-O 6. Be3 e5 7. d5 Nh5 8. Qd2 f5
9. exf5 gxf5 10. Bd3 Nd7 11. O-O-O Nc5 12. Bc2 a5 13. Nge2 Bd7 14. Bh6 Qe8 15.
Rhg1 Bxh6 16. Qxh6 Qg6 17. Qd2 Qf7 18. Ng3 Nf4 19. Nce2 Nxe2+ 20. Nxe2 Kh8 21.
f4 e4 22. Qd4+ Qf6 23. Qxf6+ Rxf6 24. Nd4 Rg6 25. Kd2 Kg7 26. b3 Kf6 27. g3
Rag8 28. a3 h5 29. Ne2 Rh8 30. Ra1 h4 31. Ke3 hxg3 32. hxg3 Rgh6 33. b4 axb4
34. axb4 Na6 35. Rab1 Rg6 36. Rg2 Rg7 37. Nd4 Rh3 38. Kf2 Rgh7 39. Ne2 1/2-1/2

[Event "Ct. Catalunya Veterans"]
[Site "?"]
[Date "2012.05.17"]
[Round "7"]
[White "Basas Gamazo, J."]
[Black "Lluverol Torrents, S."]
[Result "0-1"]
[WhiteElo "2042"]
[BlackElo "2028"]
[PlyCount "88"]
[EventDate "2012.??.??"]
[EventType "swiss"]
[EventRounds "9"]

1. e4 c5 2. Nf3 Nc6 3. d4 cxd4 4. Nxd4 g6 5. Nc3 Bg7 6. Be3 Nf6 7. Nxc6 bxc6 8.
e5 Ng8 9. Bd4 Qa5 10. e6 Nf6 11. exf7+ Kxf7 12. Qd3 d5 13. O-O-O Bf5 14. Qa6
Qc7 15. Re1 Ng4 16. Bxg7 Kxg7 17. Qe2 Qf4+ 18. Kb1 Qxf2 19. h3 Qxe2 20. Rxe2
Nf6 21. Rxe7+ Kh6 22. Bd3 Rhe8 23. Rhe1 Ne4 24. Rxe8 Rxe8 25. Bxe4 Bxe4 26.
Nxe4 dxe4 27. Kc1 Kg5 28. g3 h5 29. Kd2 h4 30. Rg1 hxg3 31. Rxg3+ Kf5 32. Ke3
g5 33. b4 Rd8 34. Rg1 Rh8 35. Rh1 Rd8 36. Rf1+ Ke5 37. Rh1 a6 38. Re1 Kf5 39.
Rh1 Rh8 40. c3 Ke5 41. Rh2 Rh4 42. c4 Rh6 43. Rg2 Rxh3+ 44. Ke2 Kf4 0-1

[Event "Ct. Catalunya Veterans"]
[Site "?"]
[Date "2012.05.17"]
[Round "7"]
[White "Bautista Sanchez, J."]
[Black "Simon Padros, E."]
[Result "1/2-1/2"]
[WhiteElo "2181"]
[BlackElo "2224"]
[PlyCount "40"]
[EventDate "2012.??.??"]
[EventType "swiss"]
[EventRounds "9"]

1. Nf3 f5 2. c4 Nf6 3. Nc3 g6 4. d3 d6 5. b4 Bg7 6. Bb2 e5 7. g3 O-O 8. Bg2 Nc6
9. b5 Ne7 10. Qb3 h6 11. c5+ Kh8 12. cxd6 cxd6 13. O-O g5 14. Ba3 f4 15. Ne4
Nf5 16. Rab1 Qe7 17. Qb4 a5 18. Qd2 Rd8 19. Rfc1 Ne8 20. g4 Nd4 1/2-1/2

[Event "Ct. Catalunya Veterans"]
[Site "?"]
[Date "2012.05.17"]
[Round "7"]
[White "Buxade Roca, G."]
[Black "Coll Enriquez, L."]
[Result "1/2-1/2"]
[WhiteElo "2120"]
[BlackElo "2157"]
[PlyCount "29"]
[EventDate "2012.??.??"]
[EventType "swiss"]
[EventRounds "9"]

1. c4 e5 2. g3 d5 3. cxd5 Qxd5 4. Nf3 Be7 5. Nc3 Qa5 6. Bg2 Nf6 7. O-O Nc6 8.
d3 b6 9. Bd2 Be6 10. a3 Qc5 11. b4 Qd6 12. Be3 a6 13. Rc1 O-O-O 14. Nd2 Qd7 15.
Nce4 1/2-1/2

[Event "Ct. Catalunya Veterans"]
[Site "?"]
[Date "2012.05.17"]
[Round "7"]
[White "Garcia Riera, J."]
[Black "Grau Brumos, I."]
[Result "1-0"]
[WhiteElo "2057"]
[BlackElo "2168"]
[PlyCount "107"]
[EventDate "2012.??.??"]
[EventType "swiss"]
[EventRounds "9"]

1. d4 d5 2. c4 e6 3. Nf3 Nf6 4. Nc3 c6 5. e3 Nbd7 6. Bd3 a6 7. O-O dxc4 8. Bxc4
b5 9. Bd3 Bb7 10. e4 c5 11. d5 b4 12. dxe6 fxe6 13. Na4 Bxe4 14. Ng5 Bd5 15.
Re1 e5 16. Bxh7 Bd6 17. Bg6+ Ke7 18. f4 Rh6 19. fxe5 Nxe5 20. Bf4 Rxg6 21. Bxe5
Bxe5 22. Rxe5+ Kf8 23. Qc2 Qd6 24. Qxc5 Rd8 25. Rd1 Kg8 26. Qxd6 Rxd6 27. Nc5
a5 28. Nb7 Rd7 29. Nc5 Rd6 30. Nce6 Rxe6 31. Rdxd5 Nxd5 32. Nxe6 a4 33. Ng5 Nc7
34. h4 Kf8 35. Rc5 Na6 36. Ra5 Rb6 37. Rxa4 Nc5 38. Ra8+ Ke7 39. Rc8 Nd3 40.
Rc2 b3 41. axb3 Rxb3 42. Rc3 Rxc3 43. bxc3 Kf6 44. Kf1 Kf5 45. Ke2 Ne5 46. Ke3
Ng6 47. Nf3 Nf4 48. g3 Nh5 49. Kf2 Ke4 50. g4 Nf4 51. Ng5+ Kd3 52. Kf3 Nd5 53.
Ne6 g6 54. Nf4+ 1-0

[Event "Ct. Catalunya Veterans"]
[Site "?"]
[Date "2012.05.17"]
[Round "7"]
[White "Garriga Nualart, J."]
[Black "Anguera Maestro, J."]
[Result "1-0"]
[WhiteElo "2306"]
[BlackElo "2154"]
[PlyCount "61"]
[EventDate "2012.??.??"]
[EventType "swiss"]
[EventRounds "9"]

1. c4 c5 2. Nf3 g6 3. g3 Bg7 4. Bg2 Nc6 5. Nc3 d6 6. O-O e5 7. d3 Nge7 8. a3
O-O 9. Rb1 a5 10. Ne1 Be6 11. Nd5 Rb8 12. Nxe7+ Qxe7 13. Nc2 Qd7 14. b4 b6 15.
Be3 Bh3 16. Qd2 Bxg2 17. Kxg2 f5 18. f3 Qf7 19. bxc5 dxc5 20. Rb5 Rfe8 21. Rfb1
Qc7 22. Bh6 Bxh6 23. Qxh6 Nd4 24. Nxd4 exd4 25. R1b2 Re6 26. Qf4 Re5 27. Kf1
Qe7 28. Rxb6 Re8 29. Rb8 Rxb8 30. Rxb8+ Kf7 31. Qh6 1-0

[Event "Ct. Catalunya Veterans"]
[Site "?"]
[Date "2012.05.17"]
[Round "7"]
[White "Mas Recorda, P."]
[Black "Sanchez Esteban, E."]
[Result "1-0"]
[WhiteElo "2084"]
[BlackElo "1914"]
[PlyCount "89"]
[EventDate "2012.??.??"]
[EventType "swiss"]
[EventRounds "9"]

1. d4 Nf6 2. c4 e6 3. Nc3 d5 4. cxd5 exd5 5. Bg5 c6 6. e3 Bf5 7. Bd3 Bxd3 8.
Qxd3 Nbd7 9. Nge2 Be7 10. O-O O-O 11. f3 c5 12. Rad1 b5 13. Rd2 c4 14. Qc2 b4
15. Nd1 Nb6 16. Bxf6 Bxf6 17. e4 dxe4 18. fxe4 Bg5 19. Nf4 Rc8 20. d5 Qd6 21.
Rdf2 Nd7 22. Ne3 Qc5 23. Qe2 Ne5 24. Kh1 Nd3 25. Rf3 Nxf4 26. Rxf4 Bxf4 27.
Rxf4 c3 28. bxc3 Qxc3 29. Rf1 a5 30. Nf5 Qe5 31. Qg4 Rc4 32. h3 Rxe4 33. Nh6+
Kh8 34. Nxf7+ Rxf7 35. Qc8+ Qe8 36. Qxe8+ Rxe8 37. Rxf7 Ra8 38. d6 a4 39. Rc7
b3 40. d7 Rg8 41. axb3 axb3 42. Rc8 b2 43. Rxg8+ Kxg8 44. d8=Q+ Kf7 45. Qb6 1-0

[Event "Ct. Catalunya Veterans"]
[Site "?"]
[Date "2012.05.17"]
[Round "7"]
[White "Navarro Alvarez, A."]
[Black "Coll Sola, J."]
[Result "1/2-1/2"]
[WhiteElo "1967"]
[BlackElo "2042"]
[PlyCount "102"]
[EventDate "2012.??.??"]
[EventType "swiss"]
[EventRounds "9"]

1. Nf3 c5 2. c4 Nc6 3. g3 Nf6 4. Bg2 d5 5. cxd5 Nxd5 6. Nc3 Nc7 7. b3 e5 8. Bb2
Be7 9. O-O O-O 10. d3 f6 11. Rc1 Be6 12. Ne4 b6 13. a3 a5 14. e3 Bd5 15. Nc3
Bf7 16. d4 cxd4 17. exd4 Bh5 18. Na4 Nxd4 19. Bxd4 exd4 20. Qxd4 Ne6 21. Qe3
Bf7 22. Rfd1 Qb8 23. Nxb6 Bxa3 24. Nxa8 Bxc1 25. Rxc1 Qxa8 26. Ng5 Qd8 27. Nxf7
Kxf7 28. Bf3 Re8 29. Rd1 Qc7 30. Bd5 Re7 31. Re1 Qd6 32. Bc4 g6 33. g4 Qc6 34.
Qe4 Qxe4 35. Rxe4 h6 36. h4 f5 37. gxf5 gxf5 38. Re5 Kf6 39. Rxa5 Nd4 40. Ra6+
Kg7 41. Kg2 Rb7 42. Ra1 Nxb3 43. Bxb3 Rxb3 44. h5 Kf6 45. Ra6+ Kg5 46. Ra5 Kg4
47. Rc5 Rb2 48. Ra5 f4 49. Ra4 Rb5 50. Rc4 Rxh5 51. f3+ Kh4 1/2-1/2

[Event "Ct. Catalunya Veterans"]
[Site "?"]
[Date "2012.05.17"]
[Round "7"]
[White "Sanz Bastos, F."]
[Black "Regue Farran, E."]
[Result "1/2-1/2"]
[WhiteElo "2026"]
[BlackElo "2065"]
[PlyCount "38"]
[EventDate "2012.??.??"]
[EventType "swiss"]
[EventRounds "9"]

1. e4 c5 2. Nc3 d6 3. g3 g6 4. Bg2 Bg7 5. d3 Nc6 6. Be3 e6 7. Qd2 Nge7 8. Nf3
Nd4 9. O-O O-O 10. Ne1 Rb8 11. Bh6 b5 12. Bxg7 Kxg7 13. Nd1 e5 14. c3 Ne6 15.
Ne3 a5 16. N1c2 f6 17. Rad1 a4 18. b3 Bb7 19. d4 Rc8 1/2-1/2

[Event "Ct. Catalunya Veterans"]
[Site "?"]
[Date "2012.05.18"]
[Round "8"]
[White "Anguera Maestro, J."]
[Black "Duran Vallverdu, J."]
[Result "1-0"]
[WhiteElo "2154"]
[BlackElo "2010"]
[PlyCount "55"]
[EventDate "2012.??.??"]
[EventType "swiss"]
[EventRounds "9"]

1. d4 d5 2. Nf3 Nf6 3. e3 e6 4. Bd3 c5 5. c3 Nc6 6. Ne5 Bd6 7. f4 O-O 8. O-O
Ne4 9. Nd2 f5 10. Ndf3 Ne7 11. Bd2 Kh8 12. Be1 Qe8 13. Bh4 Ng8 14. Qe2 Ngf6 15.
Ng5 Nxg5 16. Bxg5 Bd7 17. Rf3 c4 18. Bc2 Bxe5 19. fxe5 Ne4 20. Bxe4 dxe4 21.
Rh3 Rc8 22. Rf1 Qg6 23. Be7 Rg8 24. Rf4 Qf7 25. Rfh4 h6 26. Bg5 Rge8 27. Bxh6
gxh6 28. Rxh6+ 1-0

[Event "Ct. Catalunya Veterans"]
[Site "?"]
[Date "2012.05.18"]
[Round "8"]
[White "Bautista Sanchez, J."]
[Black "Garriga Nualart, J."]
[Result "1/2-1/2"]
[WhiteElo "2181"]
[BlackElo "2306"]
[PlyCount "104"]
[EventDate "2012.??.??"]
[EventType "swiss"]
[EventRounds "9"]

1. Nf3 Nf6 2. c4 c5 3. g3 Nc6 4. Bg2 g6 5. Nc3 Bg7 6. d4 cxd4 7. Nxd4 O-O 8.
O-O Nxd4 9. Qxd4 d6 10. Qd3 Rb8 11. Be3 b6 12. Bd4 Be6 13. Rac1 Qd7 14. Nd5 Nh5
15. Bxg7 Nxg7 16. b3 Rbc8 17. Rfd1 Rfd8 18. Qd2 Ne8 19. Qh6 Bxd5 20. Rxd5 Rc5
21. b4 Rxd5 22. cxd5 Rc8 23. Rc6 Rxc6 24. dxc6 Qe6 25. Qc1 Nc7 26. Qc2 b5 27.
a4 Qc4 28. Qxc4 bxc4 29. Kf1 d5 30. e3 e6 31. e4 Kf8 32. e5 Ke7 33. b5 Kd8 34.
Ke2 Na8 35. Kd2 Nb6 36. a5 Na4 37. Bf3 Kc7 38. Bd1 Nc5 39. Ke3 a6 40. Kd4 Nb3+
41. Bxb3 cxb3 42. b6+ Kxc6 43. Kc3 Kb7 44. f4 h5 45. Kxb3 Kc6 46. Kb4 Kb7 47.
Kc5 Kc8 48. h3 Kd7 49. g4 hxg4 50. hxg4 Kc8 51. f5 gxf5 52. gxf5 Kd7 1/2-1/2

[Event "Ct. Catalunya Veterans"]
[Site "?"]
[Date "2012.05.18"]
[Round "8"]
[White "Coll Enriquez, L."]
[Black "Simon Padros, E."]
[Result "0-1"]
[WhiteElo "2157"]
[BlackElo "2224"]
[PlyCount "76"]
[EventDate "2012.??.??"]
[EventType "swiss"]
[EventRounds "9"]

1. e4 c5 2. Nc3 a6 3. g3 b5 4. Bg2 Bb7 5. a3 Nc6 6. Nf3 d6 7. O-O Nf6 8. Re1 e5
9. d3 h6 10. Be3 Qd7 11. Ne2 g6 12. c3 Bg7 13. b4 cxb4 14. cxb4 O-O 15. Rc1 d5
16. Bc5 Rfe8 17. Nc3 d4 18. Ne2 g5 19. Qb3 Qc7 20. Rc2 Nd7 21. Bh3 Nxc5 22.
Rxc5 Bf8 23. Rcc1 Qd6 24. Rc2 Bc8 25. Bxc8 Raxc8 26. Rec1 Ne7 27. Rc5 Rxc5 28.
bxc5 Qf6 29. Kg2 Nc6 30. h3 Qe6 31. Qb2 Rb8 32. g4 a5 33. Ng3 b4 34. a4 Rc8 35.
Nd2 Nd8 36. Nb3 Nb7 37. Rc4 Nxc5 38. Qc2 Nxd3 0-1

[Event "Ct. Catalunya Veterans"]
[Site "?"]
[Date "2012.05.18"]
[Round "8"]
[White "Coll Sola, J."]
[Black "Bayarri Ponsa, E."]
[Result "1-0"]
[WhiteElo "2042"]
[BlackElo "1899"]
[PlyCount "55"]
[EventDate "2012.??.??"]
[EventType "swiss"]
[EventRounds "9"]

1. e4 g6 2. d4 d6 3. Nc3 Bg7 4. Be3 c6 5. Be2 b5 6. a3 a6 7. f4 Nd7 8. Nf3 Ngf6
9. e5 Nd5 10. Nxd5 cxd5 11. O-O Nb6 12. Nd2 O-O 13. Bf3 Bb7 14. c3 Rc8 15. Qe2
Nc4 16. Nxc4 Rxc4 17. Qf2 dxe5 18. fxe5 f5 19. exf6 Bxf6 20. Qg3 Bc8 21. Bg5
Bf5 22. Rae1 Qd7 23. Rf2 e6 24. Bxf6 Rxf6 25. Rfe2 a5 26. Qe5 Kf7 27. Re3 Qc7
28. Be2 1-0

[Event "Ct. Catalunya Veterans"]
[Site "?"]
[Date "2012.05.18"]
[Round "8"]
[White "Lluverol Torrents, S."]
[Black "Garcia Riera, J."]
[Result "1-0"]
[WhiteElo "2028"]
[BlackElo "2057"]
[PlyCount "61"]
[EventDate "2012.??.??"]
[EventType "swiss"]
[EventRounds "9"]

1. d4 d5 2. c4 c6 3. Nf3 e6 4. Nc3 Nf6 5. Bg5 dxc4 6. a4 Bb4 7. e4 Qa5 8. Bd2
Qc7 9. Qc2 Bxc3 10. bxc3 b5 11. g3 Bb7 12. e5 Nd5 13. Bg2 Nd7 14. O-O c5 15.
axb5 cxd4 16. cxd4 c3 17. Bc1 a6 18. bxa6 Rxa6 19. Ba3 N7b6 20. Bc5 h6 21. Rxa6
Bxa6 22. Ra1 Bb7 23. Ne1 Kd7 24. Bxb6 Qxb6 25. Bxd5 Bxd5 26. Qxc3 Rc8 27. Qe3
Rc4 28. Rd1 Rb4 29. Nd3 Rb3 30. Nc5+ Ke7 31. Qxb3 1-0